00517nam a2200205Ia 450000500170000000800460001702000180006303700100008104000080009104000080009904000080010704100080011504100080012308400080013124500680013926000310020726000090023865000150024785600490026220260306150443.0008 260114s9999 xx 000 0 eng d a9780748648917 aEbook aCRL beng cCRL 2eng aeng qCRL 0aFoucault's History of Sexuality Volume I, The Will to Knowledge bEdinburgh University Press c2013 aPhilosophy uhttps://www.degruyter.com/isbn/9780748648917